1079 1914 1973 1800 1227 1732 1938 1042 1126 1863 1396 1338 1574 1350 1302 1648 1167 1667 1272 1967 1100 1535 1135 1568 1265 1073 1757 1624 1235 1576 1329 1919 1786 1636 1052 1557 1300 1191 1670 1697 1190 1596 1180 1278 1193 1953 1078 1018 1457 1923 1256 1662 1572 1992 1613 1178 1457 1750 1994 1053 1884 1710 1879 1827 1383 1844 1229 1196 1359 1043 1876 1775 1996 1972 1554 1177 1032 1399 1617 1245 1976 1640 1596 1005 1024 1927 1271 1234 1225 1257 1232 1216 1322 1174 1842 1939 1510 1021 1416 BCNSPRNW ULIB Ver.6.0+V

เปลี่ยนเป็นภาษาไทย

Change to English
 แสดงรายละเอียดบรรณานุกรม
  กลับหน้าหลัก

Brief Record : Get Marc (ISO 2709) : E-mail record : QR code < ปิดหน้าต่าง
LEADER : 00000nam 2200000uu 4500
001    13399124155
003     ULIB
008    150122s2557||||th 000 0 tha d
020    ^a9789740332299
050  4 ^aLB1051^bอ522จ
100    ^aอัชรา เอิบสุขสิริ
245    ^aจิตวิทยาสำหรับครู/^cอัชรา เอิบสุขสิริ
250    ^aพิมพ์ครั้งที่ 2
260    ^aกรุงเทพฯ :^bสำนักพิมพ์แห่งจุฬาลงกรณ์,^c2557
300    ^a360 หน้า;^b21 ซม.
650    ^aจิตวิทยาการศึกษา
650    ^aการเรียนรู้^xจิตวิทยา
650    ^aการแนะแนวการศึกษา
650  0 จิตวิทยาพัฒนาการ
945    ^p210^l0^i038718
945    ^p210^l0^i038719
945    ^p210^l0^i038720
945    ^p210^l0^i038721
945    ^p210^l0^i038722
999    ^aเกษร โพธิ์สุวรรณ
รายการนี้ยังไม่มีแท็ก
คุณยังไม่ได้ล็อกอิน คุณสามารถมีกิจกรรมร่วมกับเว็บไซต์ได้ แต่ต้องล็อกอินก่อน ::
  ล็อกอิน

รายการสื่อสารสนเทศ

ลำดับที่ ประเภท เลขเรียก/บาร์โค้ด สถานที่ สถานะ
1. การศึกษาทั่วไป
หนังสือสำรอง
สถานะ=หนังสือสำรอง
LB1051 อ522จ ฉ.1 
  Barcode: 038718
ห้องสมุดวิทยาเขตสวรรค์ประชารักษ์
►หนังสือทั่วไป
บนชั้น
2. การศึกษาทั่วไป
การศึกษาทั่วไป
LB1051 อ522จ ฉ.2 
  Barcode: 038719
ห้องสมุดวิทยาเขตสวรรค์ประชารักษ์
►หนังสือทั่วไป
บนชั้น
3. การศึกษาทั่วไป
การศึกษาทั่วไป
LB1051 อ522จ ฉ.3 
  Barcode: 038720
ห้องสมุดวิทยาเขตสวรรค์ประชารักษ์
►หนังสือทั่วไป
บนชั้น
4. การศึกษาทั่วไป
การศึกษาทั่วไป
LB1051 อ522จ ฉ.4 
  Barcode: 038721
ห้องสมุดวิทยาเขตสวรรค์ประชารักษ์
►หนังสือทั่วไป
บนชั้น
5. การศึกษาทั่วไป
การศึกษาทั่วไป
LB1051 อ522จ ฉ.5 
  Barcode: 038722
ห้องสมุดวิทยาเขตสวรรค์ประชารักษ์
►หนังสือทั่วไป
บนชั้น

รายการใกล้เคียง
    ผู้แต่ง [อัชรา เอิบสุขสิริ]

    หัวเรื่อง [จิตวิทยาการศึกษา]
    หัวเรื่อง [การแนะแนวการศึกษา]
    หัวเรื่อง [จิตวิทยาพัฒนาการ]

BibComment


ยังไม่เคยถูกคอมเมนท์

คอมเมนท์ทรัพยากรรายการนี้
  คอมเมนท์: จิตวิทยาสำหรับคร..


 Copyright 2026. Bcnsprnw @Library